Sound of living waters : songs of the spirit (Record no. 3054)
[ view plain ]
| 000 -LEADER | |
|---|---|
| fixed length control field | 00736ccm a2200241ui 4500 |
| 001 - CONTROL NUMBER | |
| control field | 9007337 |
| 003 - CONTROL NUMBER IDENTIFIER | |
| control field | GBCCL |
| 005 - DATE AND TIME OF LATEST TRANSACTION | |
| control field | 20241126110446.0 |
| 008 - FIXED-LENGTH DATA ELEMENTS--GENERAL INFORMATION | |
| fixed length control field | 840928s1974 xx |||| n | eng |
| 010 ## - | |
| -- | 74019456 |
| 040 ## - CATALOGING SOURCE | |
| Original cataloging agency | DLC |
| Transcribing agency | CarP |
| Modifying agency | DLC |
| 043 ## - | |
| -- | e-uk-en |
| 050 00 - | |
| -- | M2198.P96 |
| -- | S7 |
| 082 ## - DEWEY DECIMAL CLASSIFICATION NUMBER | |
| Classification number | 264.23 |
| Item number | PUL |
| 100 1# - MAIN ENTRY--PERSONAL NAME | |
| Personal name | Pulkingham, Betty, [from old catalog] |
| Relator term | comp. |
| 9 (RLIN) | 6334 |
| 245 10 - TITLE STATEMENT | |
| Title | Sound of living waters : songs of the spirit |
| 260 ## - PUBLICATION, DISTRIBUTION, ETC. | |
| Place of publication, distribution, etc. | Grand Rapids : B. |
| Name of publisher, distributor, etc. | Eerdmans Pub. Co., |
| Date of publication, distribution, etc. | [1974] |
| 300 ## - PHYSICAL DESCRIPTION | |
| Extent | 256 p. |
| Other physical details | : music ; |
| Dimensions | 23 cm. |
| 650 #0 - SUBJECT ADDED ENTRY--TOPICAL TERM | |
| Topical term or geographic name entry element | Hymns, English. |
| 9 (RLIN) | 6335 |
| 700 1# - ADDED ENTRY--PERSONAL NAME | |
| Personal name | Harper, Jeanne, [from old catalog] |
| Relator term | joint comp. |
| 9 (RLIN) | 6336 |
| 906 ## - LOCAL DATA ELEMENT F, LDF (RLIN) | |
| a | 0 |
| b | cbc |
| c | premunv |
| d | u |
| e | ncip |
| f | 19 |
| g | y-genmusic |
| 942 ## - ADDED ENTRY ELEMENTS (KOHA) | |
| Source of classification or shelving scheme | Dewey Decimal Classification |
| Koha item type | Books |
| Withdrawn status | Lost status | Source of classification or shelving scheme | Damaged status | Not for loan | Home library | Current Library | Shelving location | Date acquired | Total checkouts | Full call number | Barcode | Date last seen | Copy number | Price effective from | Koha item type |
|---|---|---|---|---|---|---|---|---|---|---|---|---|---|---|---|
| Dewey Decimal Classification | GRACE BIBLE COLLEGE | GRACE BIBLE COLLEGE | Ministry & Mission | 2017-10-16 | 264.23 PUL | 002434 | 2025-05-01 | c.1 | 2017-10-16 | Books |